000 01751nam a2200373 a 4500
999 _c124813
_d124813
003 BLK
005 20250710110348.0
008 180409b bul|||||r ||||||| ||bul||
010 _aKNG00130481000
040 _aBLK
041 _aBUL
_cBUL
080 _aФренска литература
_b821.133.1
_x(081)
_z821.133.1(081)
080 _aФренска литература
_b821.133.1
_x-31
_z821.133.1-31
100 1 _aБалзак, Оноре дьо
_eпърви автор
_9376104
139 _aБалзак, Оноре дьо
_bБ 22
245 1 0 _aИзбрани творби
_bВ 10 т.
_cОноре дьо Балзак; предг. от Христо Тодоров; прев. на том Дора Попова.
_nТ. 4
_pЛилия в долината
257 _aFRA
260 _aСофия
_bНар. култура
_c1983 -
300 _c21 см
380 _aX
500 _aДруги ред. : Л. Стефанова, П. Пройкова. - 100 125 тир.
505 _tХерцогиня дьо Ланже
505 _gРомани
_tЗлатоокото момиче
700 1 _aТодоров, Христо
_eпредг. от
_9364806
700 1 _aПопова, Дора
_eпрев. на том
_9365127
760 1 _aБалзак, Оноре дьо
_d1984
_h519 с.
_nОриг. загл. Le lys dans la valle ; La duchesse de Langeais ; La fille aux yeux d`or / Balzac. - Други прев. : Е. Гечева, М. Нитова.
_tТ. 4 Лилия в долината
852 _aЦб 120854
856 4 _qpdf
856 4 _qpdf
942 _cKNG
_n0
_s1
_02
944 _aCR
_c11.05.2012
_lЦветелина Шанова
_k30531
944 _aED
_c11.05.2012
_l11.05.2012 - от С1,Р / 11.05.2012
999 _d124813